000 01486nam0a22003011 4500
001 rc\2274394
005 20260407102249.0
035 _a(NLR Aleph) 006554719
090 _a6778821
_c6778821
100 _a20110829d1979 u y0rusy50 ca
101 0 _arus
102 _aRU
105 _ay z |||||
200 1 _aВоенно-патриотическое воспитание учащихся на уроках начальной военной подготовки
_eМетод. рекомендации
_fВсесоюз. науч.-метод. центр проф.-техн. обучения молодежи
_g[С.С. Ткачев]
210 _aМосква
_cВысш. школа
_d1979
215 _a23 с.
_d21
320 _aБиблиогр. в конце текста
606 _aВоенная подготовка в профессионально-технических училищах
_2psbo
686 _aЧ461,6(2)352.13,0
_2rubbk
702 1 _4220
_aТкачёв
_bС. С.
_cканд. физ.-мат. наук
_gСтепан Сергеевич
_9192525
_3RU\NLR\AUTH\770192576
712 0 2 _aВсесоюзный научно-методический центр профессионально технического обучения молодежи
_3RU\NLR\AUTH\889930122
_9355807
801 0 _aRU
_bNLR
_gpsbo
801 1 _aRU
_bELAR
_2rusmarc
852 _aNLR
_j79-6/746
899 _aRuMoRGB
_jМ 79-5/667
899 _aRuMoRGB
_jВО 684/241
942 _cBOOK
980 _aNB